|
|
|
|
| LEADER |
01455nam a2200397 a 4500 |
| 001 |
EBC201502 |
| 003 |
MiAaPQ |
| 005 |
20200520144314.0 |
| 006 |
m o d | |
| 007 |
cr cn||||||||| |
| 008 |
981103s1999 enka sb 001 0 eng |
| 010 |
|
|
|z 98049778
|
| 020 |
|
|
|z 0521593867 (hardbound)
|
| 020 |
|
|
|z 0521596394 (pbk.)
|
| 035 |
|
|
|a (MiAaPQ)EBC201502
|
| 035 |
|
|
|a (Au-PeEL)EBL201502
|
| 035 |
|
|
|a (CaPaEBR)ebr2000686
|
| 035 |
|
|
|a (CaONFJC)MIL43215
|
| 035 |
|
|
|a (OCoLC)70720548
|
| 040 |
|
|
|a MiAaPQ
|c MiAaPQ
|d MiAaPQ
|
| 050 |
|
4 |
|a JC479
|b .R4 1999
|
| 082 |
0 |
4 |
|a 361.6/5
|2 21
|
| 245 |
0 |
4 |
|a The real worlds of welfare capitalism
|h [electronic resource] /
|c Robert E. Goodin ... [et al.].
|
| 260 |
|
|
|a Cambridge, U.K. ;
|a New York :
|b Cambridge University Press,
|c 1999.
|
| 300 |
|
|
|a x, 358 p. :
|b ill.
|
| 504 |
|
|
|a Includes bibliographical references (p. 317-[344]) and index.
|
| 533 |
|
|
|a Electronic reproduction. Ann Arbor, MI : ProQuest, 2015. Available via World Wide Web. Access may be limited to ProQuest affiliated libraries.
|
| 650 |
|
0 |
|a Welfare state.
|
| 650 |
|
0 |
|a Welfare state
|v Case studies.
|
| 651 |
|
0 |
|a United States
|x Social policy.
|
| 651 |
|
0 |
|a Netherlands
|x Social policy.
|
| 651 |
|
0 |
|a Germany
|x Social policy.
|
| 655 |
|
4 |
|a Electronic books.
|
| 700 |
1 |
|
|a Goodin, Robert E.
|
| 710 |
2 |
|
|a ProQuest (Firm)
|
| 856 |
4 |
0 |
|u https://ebookcentral.proquest.com/lib/matrademy/detail.action?docID=201502
|z Click to View
|